Mastering the essentials of sales : what you need to know to close every sale
| Main Author: | |
|---|---|
| Format: | Book |
| Published: |
New York :
McGraw-Hill Companies ,
2006
|
| Subjects: |
MARC
| LEADER | 00000cam a2200000 7i4500 | ||
|---|---|---|---|
| 001 | 0000110310 | ||
| 005 | 20070716.0 | ||
| 020 | |a 9780071473866 | ||
| 090 | 0 | 0 | |a 658.85 |b GSC |
| 100 | 1 | |a Gschwandtner, Gerhard | |
| 245 | 1 | 0 | |a Mastering the essentials of sales : |b what you need to know to close every sale |c Gerhard Gschwandtner |
| 260 | |a New York : |b McGraw-Hill Companies , |c 2006 | ||
| 300 | |a 214p. ; |c 24cm. | ||
| 650 | 0 | 0 | |a Selling |
| 999 | |a 00204768 |b BUKU |c PINJAMAN |e PERPUSTAKAAN KOMUNITI PETALING JAYA | ||